00529nam a2200205 a 4500001001300000003000900013005001700022008004100039020000800080082001600088100002200104245001800126260003300144300000900177500003500186505003400221650002300255650002300278700002200301nice12345678IN_TiNIC20260116011510.0050524s0000 luca grp 000 0 urd  ac200a297.24bRAS aRashidul Khairi,  aQisasul Quran aLucknow bNo Publisherc0000 a116p aincludes index and biblioraphy2 ascn book club study project.3 aBiography-Prophets aProphets-Biography1 aRashidul Khairi,